000 00797nas a2200265 4500
001 BR7701995
003 BR-BrBNA
005 20231205083145.0
007 ta
008 230509b bl.|||p| |||| 00| 00por d
040 _aBR-BrBNA
_bpor
_cBiblioteca Nacional de Agricultura
041 _a(Pt)
072 _aF23
100 1 _aAloisi, R.R.
100 1 _aMendes, A.C.T.
100 1 _aDematte, J.L.I.
245 1 _aMineralogia de argila dos solos da Faculdade de Ciencias Agrarias e Veterinarias de Jaboticabal [Sao Paulo]
650 _aCLASSIFICACAO DO SOLO
650 _aMINERALOGIA
650 _aARGILA
650 _aSAO PAULO
773 0 _tCientifica (Brazil)
_xISSN 0100-0036
_g(1977), v. 5(3) p. 317-321
_wBR7701995
909 _a202311
_bLúcia
_c55
_dLúcia Elande
942 _2AGRIS
_n0
_cANA
999 _c96795
_d96795